L'Alt Penedès : una comarca dinàmica als confins metropolitans / [autors: Ramon Arribas i Quintana, Enric Bertran i González, Montserrat Cuxart i Tremps] una comarca dinàmica als confins metropolitans / [autors:
Descripción Física:
XII, 334 p. : amb map. ; 24 cm
Colección:
Catalunya comarcal
Materias:
Alt Penedès -- Condicions econòmiques
MARC
| LEADER | 00000nam a2200000Ia 4500 | ||
|---|---|---|---|
| 001 | 9550 | ||
| 008 | 160829s1991 xx 000 0 cat d | ||
| 080 | |a M-2-38 | ||
| 100 | |a Arribas i Quintana, Ramon |9 27100 | ||
| 245 | |a L'Alt Penedès : |b una comarca dinàmica als confins metropolitans / [autors: |b Ramon Arribas i Quintana, Enric Bertran i González, Montserrat Cuxart i Tremps] | ||
| 260 | |a Barcelona : |b Caixa d'Estalvis de Catalunya, |c 1991 | ||
| 300 | |a XII, 334 p. : |b amb map. ; |c 24 cm | ||
| 490 | |a Catalunya comarcal | ||
| 650 | |a Alt Penedès |x Condicions econòmiques |9 27101 | ||
| 700 | |a Bertran i González, Enric |9 27102 | ||
| 700 | |a Cuxart i Tremps, Montserrat |9 27103 | ||
| 901 | |a Arxiu | ||
| 942 | |n 1 | ||
| 952 | |0 0 |1 0 |4 0 |6 M238 |7 1 |9 44270 |a Arxiu |b Arxiu |d 2016-12-01 |l 0 |o M-2-38 |p 9550 |r 2016-12-01 00:00:00 |w 2016-12-01 |y ARXIU | ||
| 999 | |c 46850 |d 46850 | ||